Normal view MARC view
  • Juan 10,34

Entry TÍTULO UNIFORME

Number of records used in: 2

001 - NUMERO DE CONTROL DEL REGISTRO

  • Campo de control: 164556

003 - IDENTIFICADOR DEL NUMERO DE CONTROL

  • Campo de control: ES-SlBCS

005 - FECHA Y HORA DE LA ULTIMA TRANSACCION

  • Campo de control: 20210327224711.0

008 - ELEMENTOS DE LONGITUD FIJA

  • Campo de control de longitud fija: 210327|| aca||aabn | a|a d

040 ## - FUENTE DE LA CATALOGACION

  • Agencia que crea de manera original el registro: ES-SlBCS
  • Agencia que realiza la transcripción: ES-SlBCS

130 ## - ENCABEZAMIENTO - TITULO UNIFORME

  • Título uniforme: Juan 10,34

670 ## - FUENTE EN LA QUE SE LOCALIZARON DATOS

  • Cita de la fuente: Work cat.: (ES-SlBCS)536210: Tremblay, Réal 2950, N'est-il pas écrit... J'ai dit: vous êtes des Dieux? (Jn 10,34). L'Homme selon le Coeur de Dieu

Bibliotecas Dominicos Provincia Hispania, 2016

Con tecnología Koha